000 00366nam a2200145Ia 4500
008 231129s2005||||xx |||||||||||||| ||spa||
020 _a958-42-1189-7
040 _bspa
082 _aCo863 S211du
100 _aSanchez Juliao David
245 0 _aDulce veneno moreno
260 _c2005
264 _aPlaneta
942 _2ddc
_cBKS
999 _c9846
_d9846